Paesi più vicini a Senegal - Sprint di un minuto - Statistics

Statistiche generali
  • Questo quiz è stato fatto 21 volte
  • Il punteggio medio è 14 su 20
Statistiche sulle risposte
km nazione % Corretto
1257 Niger
100%
1591 Nigeria
95%
0 Mali
85%
1233 Marocco
85%
0 Mauritania
85%
1317 Algeria
80%
938 Ghana
80%
1340 Benin
75%
658 Burkina Faso
75%
442 Côte d'Ivoire
75%
0 Gambia
75%
0 Guinea
75%
1231 Togo
75%
571 Cabo Verde
70%
0 Guinea-Bissau
65%
452 Liberia
65%
262 Sierra Leone
60%
479 Sahara Occidentale
30%
1787 Portogallo
15%
1231 Spagna
15%
Nessun quiz corrispondente trovato
Distribuzione punteggi
Percentuale di utenti per punteggio
Percentile per numero di risposta
I tuoi punteggi nel tempo
Non hai fatto questo quiz